000 00408nam a2200145Ia 4500
001 1049
008 241024s9999 xx 000 0 und d
020 _a1681-2007
082 _aRD/759.97293/UN58t
100 _aUniversidad Autónoma de Santo Domingo
245 0 _aTesoro Artístico Universidad Autonoma de Santo Domingo
260 _bSanto Domingo
_c2009
901 _a27/12/2010 2:16:36 p.m.
999 _c7948
_d7948